| 000 | 01327nam a22002777a 4500 | ||
|---|---|---|---|
| 005 | 20240814173831.0 | ||
| 008 | m252025 th thaha d | ||
| 041 | _atha | ||
| 100 | 0 | _aเสถียร วิชัยลักษณ์ | |
| 245 | 1 | 0 | _aรวมกฎหมายไทย เล่ม ร2 [ร4] |
| 260 | 3 |
_aกรุงเทพฯ : _bนีติเวชช์, _c2520-2528 |
|
| 300 |
_a1 เล่ม : _b ตาราง ; _c 26 ซม. |
||
| 650 | 0 | 4 | _aกฎหมาย -- ไทย |
| 650 | 0 | 4 | _aประกาศคณะปฏิวัติ -- ฉบับที่ 1--60 |
| 650 | 0 | 4 | _aประกาศคณะปฏิวัติ -- ฉบับที่ 61--144 |
| 650 | 0 | 4 | _aประกาศคณะปฏิวัติ -- ฉบับที่ 145--213 |
| 650 | 0 | 4 | _aประกาศคณะปฏิวัติ -- ฉบับที่ 214--240 |
| 650 | 0 | 4 | _aประกาศคณะปฏิวัติ -- ฉบับที่ 241--299 |
| 650 | 0 | 4 | _aประกาศคณะปฏิวัติ -- ฉบับที่ 300--364 |
| 700 | 0 | _aเสถียร วิชัยลักษณ์ | |
| 850 | _aNALT | ||
| 942 | _cREF | ||
| 997 | _c000000000016532 | ||
| 998 |
_aSANG-AROON ANU-KRAUGH _j25 _k นีลวัสน์ อินทรักษา |
||
| 999 |
_c16532 _d16532 |
||
| 090 | _aKA204 ส895ร4 ล.ร2 | ||